Health economics and financing / (Record no. 6011)
[ view plain ]
| 000 -LEADER | |
|---|---|
| fixed length control field | 04295cam a22004818i 4500 |
| 001 - CONTROL NUMBER | |
| control field | 22307958 |
| 003 - CONTROL NUMBER IDENTIFIER | |
| control field | OSt |
| 005 - DATE AND TIME OF LATEST TRANSACTION | |
| control field | 20260306115959.0 |
| 008 - FIXED-LENGTH DATA ELEMENTS--GENERAL INFORMATION | |
| fixed length control field | 211110s2022 nju b 001 0 eng |
| 010 ## - LIBRARY OF CONGRESS CONTROL NUMBER | |
| LC control number | 2021055323 |
| 020 ## - INTERNATIONAL STANDARD BOOK NUMBER | |
| International Standard Book Number | 9781119815686 |
| Qualifying information | (paperback) |
| 020 ## - INTERNATIONAL STANDARD BOOK NUMBER | |
| International Standard Book Number | 9781119815730 |
| Qualifying information | (evalc) |
| 020 ## - INTERNATIONAL STANDARD BOOK NUMBER | |
| Canceled/invalid ISBN | 9781119815716 |
| Qualifying information | (adobe pdf) |
| 020 ## - INTERNATIONAL STANDARD BOOK NUMBER | |
| Canceled/invalid ISBN | 9781119788577 |
| Qualifying information | (epub) |
| 035 ## - SYSTEM CONTROL NUMBER | |
| System control number | 22307958 |
| 040 ## - CATALOGING SOURCE | |
| Original cataloging agency | DNLM/DLC |
| Language of cataloging | eng |
| Description conventions | rda |
| Transcribing agency | DLC |
| 042 ## - AUTHENTICATION CODE | |
| Authentication code | pcc |
| 050 00 - LIBRARY OF CONGRESS CALL NUMBER | |
| Classification number | RA410 |
| Item number | .G48 2022 |
| 060 00 - NATIONAL LIBRARY OF MEDICINE CALL NUMBER | |
| Classification number | W 74 AA1 |
| 082 00 - DEWEY DECIMAL CLASSIFICATION NUMBER | |
| Classification number | 338.4/33621 |
| Edition number | 23/eng/20211124 |
| 100 1# - MAIN ENTRY--PERSONAL NAME | |
| Personal name | Getzen, Thomas E. |
| Relator term | author. |
| 245 10 - TITLE STATEMENT | |
| Title | Health economics and financing / |
| Statement of responsibility, etc. | Thomas E. Getzen, Michael S. Kobernick. |
| 250 ## - EDITION STATEMENT | |
| Edition statement | Sixth edition. |
| 263 ## - PROJECTED PUBLICATION DATE | |
| Projected publication date | 2022 |
| 264 #1 - PRODUCTION, PUBLICATION, DISTRIBUTION, MANUFACTURE, AND COPYRIGHT NOTICE | |
| Place of production, publication, distribution, manufacture | Hoboken, NJ : |
| Name of producer, publisher, distributor, manufacturer | Wiley, |
| Date of production, publication, distribution, manufacture, or copyright notice | c2022. |
| 300 ## - PHYSICAL DESCRIPTION | |
| Extent | 336,pages, xxvii |
| Other physical details | ill; |
| Dimensions | 25cm |
| 336 ## - CONTENT TYPE | |
| Content type term | text |
| Content type code | txt |
| Source | rdacontent |
| 337 ## - MEDIA TYPE | |
| Media type term | unmediated |
| Media type code | n |
| Source | rdamedia |
| 338 ## - CARRIER TYPE | |
| Carrier type term | volume |
| Carrier type code | nc |
| Source | rdacarrier |
| 504 ## - BIBLIOGRAPHY, ETC. NOTE | |
| Bibliography, etc. note | Includes bibliographical references and index. |
| 505 0# - FORMATTED CONTENTS NOTE | |
| Formatted contents note | Choices : Money, Medicine, and Health -- Demand and Supply -- Cost-Benefit and Cost-Effectiveness Analysis -- Financing Medical Care : Health Insurance Contracts : Managed Care -- Physicians -- Medical Education, Organization, and Business Practices -- Hospitals -- Management and Regulation of Hospital Costs -- Long-Term Care -- Pharmaceuticals -- Financing and Ownership of Health Care Providers -- History, Demography, and the Growth of Modern Medicine -- Macroeconomics of Medical Care -- The Role of Government and Public Goods -- International Comparisons of Health and Health Expenditures -- Value for Money in the Future of Health Care. |
| 520 ## - SUMMARY, ETC. | |
| Summary, etc. | "Health Economics and Financing is a primer for the economic analysis of medical markets. Its intended audiences are students of medicine, public health, policy, and administration who wish to engage the central economic issues of their field without prolonged preparatory work; beginning students in economics who wish to study an applied area in detail without recourse to extensive mathematical manipulation; and more advanced students in economics who may be familiar with analytical techniques but lack knowledge of the many institutional features that make the study of health and health care so unique and rewarding. This book draws upon the work of many scholars, but in keeping with its design as a primer for introducing students to the principles and concepts of health economics rather than its literature and research methods, the use of attribution, footnotes, and references is purposely limited. Suggestions for additional reading and more advanced source materials and databases are listed at the end of each chapter and are available on the instructor's website at www.wiley.com/go/getzen/healtheconomics6e. The first eleven chapters use a flow-of-funds approach to investigate the sources and uses of financing and to explore the incentives and organizational structure of the health care system. Transactions between patients and physicians (and others) are examined to see how profits are made, costs covered, contracts written (or implied), and regulations formed. The long-term consequences of exchanging services for money in a particular way are revealed by exploring the historical development of those distinctive features that characterize the industrial organization of health care: licensure, third-party insurance, nonprofit hospitals, and government regulation. The last five chapters take a wider macroeconomic perspective in order to explore the dynamics of change within the health care system and to explicitly consider determinants of national health spending and the role of governments in public and private health"-- |
| Assigning source | Provided by publisher. |
| 650 12 - SUBJECT ADDED ENTRY--TOPICAL TERM | |
| Topical term or geographic name entry element | Economics, Medical |
| 650 22 - SUBJECT ADDED ENTRY--TOPICAL TERM | |
| Topical term or geographic name entry element | Delivery of Health Care |
| General subdivision | economics |
| 650 22 - SUBJECT ADDED ENTRY--TOPICAL TERM | |
| Topical term or geographic name entry element | Health Care Reform |
| General subdivision | economics |
| 650 22 - SUBJECT ADDED ENTRY--TOPICAL TERM | |
| Topical term or geographic name entry element | Costs and Cost Analysis |
| 651 #2 - SUBJECT ADDED ENTRY--GEOGRAPHIC NAME | |
| Geographic name | United States |
| 700 1# - ADDED ENTRY--PERSONAL NAME | |
| Personal name | Kobernick, Michael S., |
| Relator term | author. |
| 776 08 - ADDITIONAL PHYSICAL FORM ENTRY | |
| Relationship information | Online version: |
| Main entry heading | Getzen, Thomas E. |
| Title | Health economics and financing |
| Edition | Sixth edition. |
| Place, publisher, and date of publication | Hoboken, NJ : Wiley, [2022] |
| International Standard Book Number | 9781119815716 |
| Record control number | (DLC) 2021055324 |
| 906 ## - LOCAL DATA ELEMENT F, LDF (RLIN) | |
| a | 7 |
| b | cbc |
| c | orignew |
| d | 1 |
| e | ecip |
| f | 20 |
| g | y-gencatlg |
| 942 ## - ADDED ENTRY ELEMENTS (KOHA) | |
| Source of classification or shelving scheme | |
| Koha item type | Book |
| Suppress in OPAC | LK |
| Withdrawn status | Lost status | Source of classification or shelving scheme | Damaged status | Not for loan | Permanent Location | Current Location | Shelving location | Date acquired | Source of acquisition | Total Checkouts | Full call number | Barcode | Date last seen | Price effective from | Koha item type | Public note |
|---|---|---|---|---|---|---|---|---|---|---|---|---|---|---|---|---|
| AU LIBRARY | AU LIBRARY | Open Shelf | 06.03.2026 | PURCHASE | RA410 .G48 2022 | 28008492 | 06.03.2026 | 06.03.2026 | Book | LK |